Normal view
MARC view
- Supervisor Dr. Muazzam Ali Khan Khattak
Entry Personal Name
001 - CONTROL NUMBER
- control field: 69869
003 - CONTROL NUMBER IDENTIFIER
- control field: NUST
005 - DATE AND TIME OF LATEST TRANSACTION
- control field: 20210628204317.0
008 - FIXED-LENGTH DATA ELEMENTS
- fixed length control field: 210628|| aca||aabn | a|a d
040 ## - CATALOGING SOURCE
- Original cataloging agency: NUST
- Transcribing agency: NUST
100 ## - HEADING--PERSONAL NAME
- Personal name: Supervisor Dr. Muazzam Ali Khan Khattak
670 ## - SOURCE DATA FOUND
- Source citation: Work cat.: (NUST): Nazish Rafique 69868, TH-SOF-1312-Security Framework for Black Hole Attack Prevention Using Trust Management and Fuzzy Logic Analyzer in VANETs, 2016
